Piluco : y su soga [juego] /
Guardado en:
| Otros Autores: | , |
|---|---|
| Formato: | Objeto Físico |
| Publicado: |
Argentina :
Glú Glú, [200?]
|
| Materias: | |
| Etiquetas: |
Agregar Etiqueta
Sin Etiquetas, Sea el primero en etiquetar este registro!
|
| LEADER | 00763nrm a22001695g 4500 | ||
|---|---|---|---|
| 001 | CEM.cems019393 | ||
| 008 | 130507b200?##################0###0#####d | ||
| 005 | 20220830172239.0 | ||
| 245 | 0 | 0 | |a Piluco : |b y su soga [juego] / |c Silvina Landa Y Marta Moreira Cúneo. |
| 260 | |a Argentina : |b Glú Glú, [200?] | ||
| 300 | |a 1 juego (48 tarjetones, 12 planchas con ilustraciones de soga y payasos) ; en caja 27 x 27 x 5 cm. + instrucciones. | ||
| 500 | |a Para 2 ó más jugadores a partir de 4 años a 8 años objetivo: agiliza el reconocimiento de formas y su organización en el espacio. | ||
| 700 | 1 | |a 1. Landa, Silvina | |
| 700 | 1 | |a 2. Moreira Cúneo, Marta. | |
| 082 | 0 | 4 | |a J793.73 |
| 653 | |a 1. juegos de rompecabezas | ||
| 859 | |a CEMS |b BIB. CEMS - Ludoteca |h J793.73 |i L23 |p 299.03 |t Ej.1 | ||
